Honkai Impact Battlesuits - Statistics

General Stats
  • This quiz has been taken 100 times
  • The average score is 22 of 72
Answer Stats
Character Battlesuits % Correct
Herrscher of the Void
78%
Herrscher of Thunder
74%
Kiana Kaslana White Comet
67%
Herrscher of Flamescion
65%
Herrscher of Reason
65%
Elysia Miss Pink Elf
61%
Herrscher of Sentience
56%
Starchasm Nyx
46%
Fallen Rosemary
43%
Phoenix
43%
Valkyrie Ranger
43%
Knight Moonbeam
39%
Stygian Nymph
39%
Yamabuki Armor
39%
Divine Prayer
37%
Haxxor Bunny
37%
Durandal Valkyrie Gloria
37%
Void Drifter
37%
Wolf's Dawn
37%
Liliya Olenyeva Blueberry Blitz
35%
Shadow Knight
35%
Valkyrie Bladestrike
35%
Vermilion Knight: Eclipse
35%
Raiden Mei Crimson Impuls
33%
Lightning Empress
33%
Rozaliya Olenyeva Molotov Cherry
33%
Seele Völlerei Swallowtail Phantasm
33%
Bronya Zaychik Valkyrie Chariot
33%
Darkkbolt Jonin
31%
Silverwing-N:EX
31%
Snowy Sniper
31%
Dea Anchora
30%
Spina Astera
30%
Bright Knight: Excelsis
28%
Flame Sakitama
28%
Möbius Infinite Ouroboros
28%
Carole Pepper Sweet 'n' Spicy
28%
Rita Rosseweisse Umbral Rose
28%
Argent Knight: Artemis
26%
Blood Rose
26%
Dimension Breaker
26%
Palatinus Equinox
26%
Sixth Serenade
26%
Theresa Apocalypse Valkyrie Pledge
26%
Black Nucleus
24%
Celestial Hymn
24%
Drive Kometa
24%
Fervent Tempo
24%
Phantom Iron
24%
Shadow Dash
24%
Kallen Kaslana Ritual Imayoh
22%
Hawk of the Fog
20%
Natasha Cioara Midnight Absinthe
20%
Night Sqiure
20%
Sündenjäger
20%
Fu Hua Valkyrie Accipiter
20%
Violet Executer
20%
Asuka Blazing Hope
19%
Luna Kindred
19%
Fischl Prinzessin der Verurteilung
19%
Starlit Astrologos
19%
Striker Fulminata
19%
Valkyrie Triumph
19%
Murata Himeko Battle Storm
17%
Goushinnso Memento
17%
Yae Sakura Gyakushinn Miko
17%
Sakuno Rondo
17%
Scarlet Fusion
17%
Kriegsmesser
15%
Danzai Spectramancer
13%
Twilight Paladin
13%
Azur Empyrea
4%
No matching quizzes found
Score Distribution
Percent of People with Each Score
Percentile by Number Answered
Your Score History
You have not taken this quiz